000 00201nam a2200085Ia 4500
008 120527s9999 xx 000 0 und d
100 _aWatson, I.Roberts
245 _aPsychology of the child
942 _cBK
999 _c27372
_d27372